Paisaje y literatura de España : (Record no. 114074)
[ view plain ]
| 000 -LEADER | |
|---|---|
| campo de control de longitud fija | 00942nam a2200229 4500 |
| 001 - NÚMERO DE CONTROL | |
| campo de control | 114074 |
| 003 - IDENTIFICADOR DE NÚMERO DE CONTROL | |
| campo de control | ES-MaACL |
| 005 - FECHA Y HORA DE LA ÚLTIMA TRANSACCIÓN | |
| campo de control | 20231212062553.0 |
| 007 - CAMPO FIJO DE DESCRIPCIÓN FÍSICA--INFORMACIÓN GENERAL | |
| campo de control de longitud fija | t| |
| 008 - DATOS DE LONGITUD FIJA--INFORMACIÓN GENERAL | |
| campo de control de longitud fija | 061121s1957 sp r ||||1| spa d |
| 245 00 - MENCIÓN DEL TÍTULO | |
| Título | Paisaje y literatura de España : |
| Resto del título | antología de los escritores del 98 / |
| Mención de responsabilidad, etc. | estudio preliminar y fotografías en color de Marina Romero ; prólogo de Julián Marías. |
| 260 ## - PUBLICACIÓN, DISTRIBUCIÓN, ETC. | |
| Lugar de publicación, distribución, etc. | Madrid : |
| Nombre del editor, distribuidor, etc. | Tecnos, |
| Fecha de publicación, distribución, etc. | [1957] |
| 300 ## - DESCRIPCIÓN FÍSICA | |
| Extensión | 431 p., 67 lám. col. ; |
| Dimensiones | 25 cm. |
| 505 8# - NOTA DE CONTENIDO CON FORMATO | |
| Nota de contenido con formato | Contiene: Azorín . Pío Baroja . Juan Ramón Jiménez . Antonio Machado . Juan Maragall . Miguel de Unamuno . Ramón Mª del Valle Inclán. |
| 650 #4 - PUNTO DE ACCESO ADICIONAL DE MATERIA--TÉRMINO DE MATERIA | |
| Término de materia o nombre geográfico como elemento de entrada | Literatura española- |
| Subdivisión cronológica | S.XX. |
| 9 (RLIN) | 148763 |
| 650 #4 - PUNTO DE ACCESO ADICIONAL DE MATERIA--TÉRMINO DE MATERIA | |
| Término de materia o nombre geográfico como elemento de entrada | Generación del 98 (Literatura) |
| 9 (RLIN) | 13051 |
| 650 #4 - PUNTO DE ACCESO ADICIONAL DE MATERIA--TÉRMINO DE MATERIA | |
| Término de materia o nombre geográfico como elemento de entrada | Paisaje- |
| Subdivisión general | En la literatura. |
| 9 (RLIN) | 15789 |
| 700 1# - ENTRADA AGREGADA--NOMBRE PERSONAL | |
| Nombre de persona | Romero, Marina. |
| 9 (RLIN) | 99343 |
| 700 1# - ENTRADA AGREGADA--NOMBRE PERSONAL | |
| Nombre de persona | Marías, Julián, |
| Fechas asociadas al nombre | 1914-2005 |
| 9 (RLIN) | 76688 |
| 852 ## - LOCALIZACIÓN | |
| Ubicación | ES-MaACL |
| Número de control de estantería | C-19615 |
| Estatus retirado | Estado de pérdida | Estado de daño | No para préstamo | Biblioteca de origen | Biblioteca actual | Ubicación en estantería | Fecha de adquisición | Fuente de adquisición | Total de préstamos | Signatura topográfica completa | Código de barras | Visto por última vez | Precio de reemplazo | Tipo de ítem Koha |
|---|---|---|---|---|---|---|---|---|---|---|---|---|---|---|
| Biblioteca del Ateneo de Madrid | Biblioteca del Ateneo de Madrid | Galería | 17/01/2008 | C-19615 | 1118965 | 23/02/2023 | 23/02/2023 | Libro impreso |
